00718nam a22002177a 450000500170000001000350001702000260005203500130007803500130009103500130010403700210011703700260013803700130016408200080017710000170018524500760020226000440027827000570032230000210037950001000040020190802101317.0 aB-680713 B-728289 B-728447 c285.00a9789351768449 aB-680713 aB-728289 aB-728447 aDPLbPansy Books bAksharesh Enterprises bRK Books a480 aBakshi,S. P. aObjective general English for all competitive exams / cby S. P. Bakshi aNew DelhibArihant Publicationsc(201?) a4577/15, Agarwal Road, Darya GanjbNew Delhie110002 a776p.c24cm(pbk) aBank (PO & Clerk), NDA, CDS, SSC (CGL, MTS, LDC), MBA, Hotel Management, MCA, UPSC, B.Ed, Exams